000 00359nam a2200145Ia 4500
008 191201s2009 xx 000 0 und d
082 _a629.8
_bPED
100 _aPEATMAN, John B
245 0 _aDesign with PIC Microcontrollers
250 _a8TH IMP
260 _aN.Delhi
_bPearson Education
_c2009
300 _a274
650 _aB.Tech(ECE)
942 _2ddc
_cBK
999 _c4403
_d4403